El siglo del año mil /
El universo de las formas es una colección publicada por editorial Aguilar en veintiocho volúmenes, incompleta en biblioteca, que trata sobre las características y esplendor de las expresiones artísticas en diferentes lugares del mundo y en épocas históricas distintas. Cada uno viene ilustrado en su...
Salvato in:
| Natura: | Libro |
|---|---|
| Lingua: | spagnolo |
| Pubblicazione: |
Madrid, España :
Aguilar,
1973, c1973
|
| Serie: | (El Universo de las Formas)
|
| Soggetti: | |
| Tags: |
Nessun Tag, puoi essere il primo ad aggiungerne!!
|
MARC
| LEADER | 00000nam^a2200000^a^4500 | ||
|---|---|---|---|
| 001 | 000102987 | ||
| 005 | 20250521000000.0 | ||
| 009 | 20260310093333.72 | ||
| 037 | |a Acervo ITESO - Biblioteca | ||
| 041 | |a ESP | ||
| 082 | |a 709. |b UNI V. 16 | ||
| 240 | 1 | 4 | |a [El universo de las formas] |
| 245 | 1 | 3 | |a El siglo del año mil / |c Louis Grodecki... [et al.] ; pról. de André Parrot ; tr. por José Gil de Ramales. |
| 264 | 4 | |a Madrid, España : |b Aguilar, |c 1973, c1973 | |
| 300 | |a 444 p. | ||
| 336 | |a texto |b txt |2 rdacontenido | ||
| 337 | |a sin mediación |b n |2 rdamedio | ||
| 338 | |a volumen |b nc |2 rdasoporte | ||
| 440 | 4 | |a (El Universo de las Formas) | |
| 520 | |a El universo de las formas es una colección publicada por editorial Aguilar en veintiocho volúmenes, incompleta en biblioteca, que trata sobre las características y esplendor de las expresiones artísticas en diferentes lugares del mundo y en épocas históricas distintas. Cada uno viene ilustrado en su mayoría con láminas en blanco y negro, y en menor medida a color. El número de volumen es asignado según fueron clasificándose. | ||
| 520 | |a El arte europeo del siglo XI prefigura ya el gran esplendor del románico y del gótico y tiene manifestaciones de gran valor en la orfebrería y la iluminación de miniaturas. | ||
| 649 | |a XX | ||
| 650 | |a Orfebrería - |z Europa - |x Historia - |y Siglo XI | ||
| 650 | |a Ilustración de Libros y Manuscritos - |z Europa - |x Historia - |y Siglo XI | ||
| 650 | |a Arte Románico - |x Historia y Crítica | ||
| 650 | |a Arte Religioso - |x Historia y Crítica | ||
| 650 | |a Arte Europeo - |x Historia y Crítica - |x Tema Principal | ||
| 650 | |a Europa - |x Historia - |y Siglo XI | ||
| 650 | |a Edad Media - |x Historia | ||
| 910 | |a Fondo General | ||
| 920 | |a Impresos - Libros | ||
| 930 | |a Obras de Referencia | ||
| 905 | |a 102 | ||
| 901 | |a 0500038464 |b IT2 |c REF |u 20250521 | ||
| 902 | |a https://opac.biblio.iteso.mx/vufind/Record/000102987 | ||